000 00409nam a2200169Ia 4500
008 230524s9999 xx 000 0 und d
020 _a9789350142288
082 _a333.794
_bSAE
100 _aS.Hasan Saeed
245 0 _aNon-Conventional Energy Resources
250 _a3
260 _aNew Delhi
_bKatson
_c2012
300 _a314p;
500 _aQuantity Number: 2
650 _aElectrical
942 _cBK
999 _c56440
_d56440